000 00268nam a22001097a 4500
008 170120b xxu||||| |||| 00| 0 eng d
020 _a0578010217
041 _aeng
080 _a618.2
245 _aDOMESTIC: IOLENCE: A NURSING CONCERN
_cALEXANDER, G.R
942 _2udc
_cBK
999 _c3237
_d3237